New Zealand Geography by Letter - W - Statistics

General Stats
  • This quiz has been taken 32 times
  • The average score is 6 of 15
Answer Stats
clue answer % Correct
The nation's capital city Wellington
97%
European settlers and Maori signed the landmark 1840 treaty here Waitangi
70%
This popular tourist destination erupted in 2019, killing 22 day-trippers Whakaari / {White} Island
67%
Northernmost city Whangarei
60%
City formerly known as Wanganui Whanganui
50%
Tourist town on a lake of the same name, 50km north of Queenstown Wanaka
43%
Coromandel Peninsula town on Mercury Bay Whitianga
40%
Queenstown is the largest town on this lake's shore Lake {Wakatipu}
37%
Appropriately-named town on South Island's West Coast Westport
37%
Gold-mining town that borders Coromandel and Bay of Plenty Waihi
27%
The Auckland Harbour Bridge crosses this {Waitemata} Harbour
27%
The town from which day trips to White Island used to operate Whakatane
27%
Town on Mahurangi River, 45 minutes drive north of Auckland Warkworth
20%
This large lake in the Urewera ranges takes 4 days to walk around Lake {Waikaremoana}
17%
Kauri forest that is home to Tane Mahuta, a 2000-year old tree {Waipoua} Forest
7%
No matching quizzes found
Score Distribution
Percent of People with Each Score
Percentile by Number Answered
Your Score History
You have not taken this quiz